| 000 | 00390nam a2200145Ia 4500 | ||
|---|---|---|---|
| 008 | 231129s1999||||xx |||||||||||||| ||spa|| | ||
| 020 | _a958-30-0635-1 | ||
| 040 | _bspa | ||
| 082 | _a616.4 M552s | ||
| 100 | _aMeras Menendez M. E. | ||
| 245 | 0 | _aSistema endocrino ; sistema linfatico | |
| 260 | _c1999 | ||
| 264 | _aPanamericana | ||
| 942 |
_2ddc _cBKS |
||
| 999 |
_c24669 _d24669 |
||